000 00388nam a22001577a 4500
003 NUST - PNEC
005 20170116181105.0
008 151003b xxu||||| |||| 00| 0 eng d
040 _cLIBRARY
082 _a808.6 JEN
100 _912608
_aJenny
245 _aComplete letter writer
_cJenny
260 _c1997
650 _912610
_aEnglish language--Rhetoric
_xGeneral
942 _2ddc
_cBK
999 _c68912
_d68912